Name The Football Ballon d'Or Winners By Picture - Statistics

General Stats
  • This quiz has been taken 27 times
  • The average score is 17 of 20
Answer Stats
Picture Answer % Correct
Cristiano Ronaldo
100%
Lionel Messi
100%
Ronaldo
100%
Zinedine Zidane
100%
Franz Beckenbauer
95%
Michel Platini
95%
Ousmane Dembélé
95%
Ronaldinho
95%
Alfredo Di Stéfano
90%
Eusébio
90%
Johan Cruyff
90%
Kaka
90%
Ruud Gullit
86%
Bobby Charlton
81%
George Best
71%
Marco van Basten
71%
Lothar Matthäus
62%
Luis Suárez
57%
Gerd Müller
52%
Kevin Keegan
38%
No matching quizzes found
Score Distribution
Percent of People with Each Score
Percentile by Number Answered
Your Score History
You have not taken this quiz